| 000 | 00553nam a22001937a 4500 | ||
|---|---|---|---|
| 005 | 20220715164213.0 | ||
| 008 | 220715b ||||| |||| 00| 0 eng d | ||
| 040 | _cAL | ||
| 041 | _aEnglish | ||
| 082 |
_223 _a050.954 _bBIRI |
||
| 100 |
_aBirla Institute of Scientific research _950185 |
||
| 245 | _aIndia 2001 | ||
| 260 |
_aNew Delhi _bArnold Heinemann Publishers _c1976 |
||
| 300 |
_a64 p. _bHB _c21x14 cm. |
||
| 365 |
_c₹ _d₹20.00 |
||
| 650 |
_aDemography _950186 |
||
| 700 |
_aBirla Institute of Scientific Research _950187 |
||
| 942 |
_2ddc _cGF |
||
| 999 |
_c223855 _d223855 |
||